[Event "CYCC U12"]
[Site "Richmond Hill CAN"]
[Date "2011.07.06"]
[Round "1"]
[White "Song, Eric"]
[Black "McInnis, Preston"]
[Result "1-0"]
[WhiteElo "1460"]
[BlackElo "979"]
[PlyCount "87"]
[GameId "2160767909703909"]
[EventDate "2011.07.06"]
[EventType "swiss"]
[EventRounds "7"]
[EventCountry "CAN"]
[SourceTitle "EXT 2022"]
[Source "ChessBase"]
[SourceDate "2021.10.06"]
[SourceVersion "1"]
[SourceVersionDate "2021.10.06"]
[SourceQuality "1"]

1. e4 e5 2. Nf3 Nc6 3. Bb5 Nge7 4. O-O d6 5. h3 Bd7 6. Re1 a6 7. Ba4 Nd4 8. Bxd7+ Qxd7 9. Nxd4 exd4 10. d3 d5 11. e5 Nf5 12. Qf3 Bb4 13. c3 dxc3 14. bxc3 Be7 15. d4 O-O 16. Bf4 c5 17. Qd3 cxd4 18. cxd4 Bb4 19. Bd2 Bxd2 20. Nxd2 Rfe8 21. Nf3 Rac8 22. Re2 Rc6 23. Rae1 g6 24. Ng5 Qe7 25. e6 fxe6 26. Rxe6 Rxe6 27. Rxe6 Qd7 28. Rxe8+ Qxe8 29. Nf3 Qa4 30. a3 Qc6 31. Qd2 Qb5 32. Qe1 Kg7 33. Qe5+ Kh6 34. g4 Qb1+ 35. Kg2 Nxd4 36. g5+ Kh5 37. Qxd4 Qe4 38. Qg7 Qg4+ 39. hxg4+ Kxg4 40. Qd4+ Kf5 41. Qe5+ Kg4 42. Nh2+ Kh5 43. Qf4 d4 44. Qg4# 1-0

[Event "CYCC U12"]
[Site "Richmond Hill CAN"]
[Date "2011.07.06"]
[Round "1"]
[White "Zhu, Hong Rui"]
[Black "Robichaud, Alexandre"]
[Result "1-0"]
[WhiteElo "1806"]
[BlackElo "1241"]
[PlyCount "47"]
[GameId "2160767909703910"]
[EventDate "2011.07.06"]
[EventType "swiss"]
[EventRounds "7"]
[EventCountry "CAN"]
[SourceTitle "EXT 2022"]
[Source "ChessBase"]
[SourceDate "2021.10.06"]
[SourceVersion "1"]
[SourceVersionDate "2021.10.06"]
[SourceQuality "1"]

1. e4 c5 2. Nf3 e6 3. c3 Nc6 4. d4 cxd4 5. cxd4 Nf6 6. Nc3 Bb4 7. Bd3 h6 8. O-O O-O 9. e5 Ne8 10. Ne4 d5 11. Ng3 f6 12. a3 Ba5 13. b4 Bc7 14. Bb2 f5 15. Nd2 b6 16. Rc1 Bb7 17. f4 Kh8 18. Qh5 Kh7 19. Ne2 g6 20. Qh3 Ng7 21. Nf3 Qe7 22. Ng5+ Kg8 23. Qxh6 Nh5 24. Qxg6+ 1-0

[Event "CYCC U12"]
[Site "Richmond Hill CAN"]
[Date "2011.07.06"]
[Round "2"]
[White "Luo, Tony"]
[Black "Pandy, Jesmon Ian"]
[Result "0-1"]
[WhiteElo "1307"]
[BlackElo "1321"]
[PlyCount "60"]
[GameId "2160767909703911"]
[EventDate "2011.07.06"]
[EventType "swiss"]
[EventRounds "7"]
[EventCountry "CAN"]
[SourceTitle "EXT 2022"]
[Source "ChessBase"]
[SourceDate "2021.10.06"]
[SourceVersion "1"]
[SourceVersionDate "2021.10.06"]
[SourceQuality "1"]

1. e4 d6 2. Nf3 Nf6 3. Nc3 g6 4. Bc4 e6 5. d4 Bg7 6. h3 a6 7. Bg5 Qd7 8. Qd2 b5 9. Bd3 Bb7 10. O-O-O c5 11. dxc5 dxc5 12. Qe3 Qc6 13. Be2 O-O 14. Bh6 Nxe4 15. h4 Nxc3 16. bxc3 b4 17. c4 Qe4 18. Qd2 Bxh6 19. Qxh6 Qxe2 20. Ng5 Qh5 21. Qxh5 gxh5 22. Rhg1 Nc6 23. g4 Rad8 24. Rxd8 Rxd8 25. gxh5 Kf8 26. Nxh7+ Ke7 27. h6 Rh8 28. Ng5 Rxh6 29. Rh1 Ne5 30. h5 Bxh1 0-1

[Event "CYCC U12"]
[Site "Richmond Hill CAN"]
[Date "2011.07.06"]
[Round "2"]
[White "McInnis, Preston"]
[Black "Moghtader, Amirreza"]
[Result "0-1"]
[WhiteElo "979"]
[BlackElo "1139"]
[PlyCount "34"]
[GameId "2160767909703912"]
[EventDate "2011.07.06"]
[EventType "swiss"]
[EventRounds "7"]
[EventCountry "CAN"]
[SourceTitle "EXT 2022"]
[Source "ChessBase"]
[SourceDate "2021.10.06"]
[SourceVersion "1"]
[SourceVersionDate "2021.10.06"]
[SourceQuality "1"]

1. e4 e5 2. Nf3 Nc6 3. Nc3 Nf6 4. Bb5 d6 5. O-O Bg4 6. d3 h6 7. h3 Bh5 8. Nd5 a6 9. Nxf6+ Qxf6 10. Bxc6+ bxc6 11. g4 Bg6 12. Re1 Be7 13. d4 Rd8 14. g5 hxg5 15. Bxg5 Qe6 16. d5 Qxh3 17. Bxe7 Qh1# 0-1

[Event "CYCC U12"]
[Site "Richmond Hill CAN"]
[Date "2011.07.06"]
[Round "2"]
[White "Rapin, Calvin"]
[Black "Zhong, Joey"]
[Result "0-1"]
[WhiteElo "970"]
[BlackElo "1123"]
[PlyCount "62"]
[GameId "2160767909703914"]
[EventDate "2011.07.06"]
[EventType "swiss"]
[EventRounds "7"]
[EventCountry "CAN"]
[SourceTitle "EXT 2022"]
[Source "ChessBase"]
[SourceDate "2021.10.06"]
[SourceVersion "1"]
[SourceVersionDate "2021.10.06"]
[SourceQuality "1"]

1. e4 c5 2. c4 d6 3. Nf3 Nf6 4. Nc3 g6 5. Bd3 Bg7 6. e5 dxe5 7. Nxe5 Bd7 8. Be4 Nxe4 9. Nxe4 Bxe5 10. O-O O-O 11. Nxc5 Qc7 12. Nxd7 Nxd7 13. d3 Bg7 14. Re1 Nf6 15. Qe2 e6 16. g3 Rad8 17. b3 Qd6 18. Rd1 Ne4 19. dxe4 Qxd1+ 20. Qxd1 Rxd1+ 21. Kg2 Bxa1 22. Bh6 Bg7 23. Bxg7 Kxg7 24. f4 Rfd8 25. h4 f5 26. e5 R8d2+ 27. Kf3 Re1 28. g4 fxg4+ 29. Kxg4 Rd3 30. f5 Re4+ 31. Kg5 h6# 0-1

[Event "CYCC U12"]
[Site "Richmond Hill CAN"]
[Date "2011.07.06"]
[Round "2"]
[White "Robichaud, Alexandre"]
[Black "Michno, Jaden"]
[Result "1-0"]
[WhiteElo "1241"]
[BlackElo "1018"]
[PlyCount "83"]
[GameId "2160767909703915"]
[EventDate "2011.07.06"]
[EventType "swiss"]
[EventRounds "7"]
[EventCountry "CAN"]
[SourceTitle "EXT 2022"]
[Source "ChessBase"]
[SourceDate "2021.10.06"]
[SourceVersion "1"]
[SourceVersionDate "2021.10.06"]
[SourceQuality "1"]

1. e4 e5 2. Nf3 Nc6 3. Bb5 Bd6 4. O-O Nf6 5. Re1 a6 6. Ba4 Bc5 7. c3 b5 8. Bb3 Ng4 9. d4 exd4 10. cxd4 Bb4 11. Nc3 Bb7 12. a3 Bxc3 13. bxc3 Qe7 14. e5 O-O-O 15. Bg5 f6 16. exf6 gxf6 17. Rxe7 Nxe7 18. Bh4 Nf5 19. h3 Nxh4 20. Nxh4 Nh6 21. Qh5 Ng8 22. Bxg8 Rdxg8 23. f3 h6 24. Re1 c6 25. Ng6 Re8 26. Rxe8+ Rxe8 27. Ne7+ Rxe7 28. Qxh6 Re1+ 29. Kh2 Ra1 30. Qxf6 Rxa3 31. Qf8+ Kc7 32. Qxa3 d6 33. h4 Kd7 34. h5 Ke6 35. h6 Kd5 36. h7 c5 37. h8=Q cxd4 38. Qxd4+ Ke6 39. Qaxd6+ Kf7 40. Qa7 Ke8 41. Qxb7 b4 42. Qdb8# 1-0

[Event "CYCC U12"]
[Site "Richmond Hill CAN"]
[Date "2011.07.06"]
[Round "2"]
[White "Wang, Edward"]
[Black "Sirkovich, Daniel"]
[Result "0-1"]
[WhiteElo "991"]
[BlackElo "1206"]
[PlyCount "82"]
[GameId "2160767909703916"]
[EventDate "2011.07.06"]
[EventType "swiss"]
[EventRounds "7"]
[EventCountry "CAN"]
[SourceTitle "EXT 2022"]
[Source "ChessBase"]
[SourceDate "2021.10.06"]
[SourceVersion "1"]
[SourceVersionDate "2021.10.06"]
[SourceQuality "1"]

1. e4 c5 2. Nf3 d6 3. Bb5+ Bd7 4. Bxd7+ Nxd7 5. O-O Ngf6 6. Re1 g6 7. Nc3 Bg7 8. d4 cxd4 9. Nxd4 O-O 10. Bd2 Qb6 11. Nb3 Rac8 12. Qc1 Ne5 13. h3 Rfe8 14. Bh6 e6 15. Bxg7 Kxg7 16. Qe3 Qxe3 17. Rxe3 Nc4 18. Rf3 d5 19. exd5 exd5 20. Nb5 a6 21. Nc3 Nxb2 22. Rb1 Nc4 23. Rd1 Re5 24. Kh2 Ne3 25. fxe3 Rxc3 26. Rd2 Rexe3 27. Rdf2 Rxf3 28. Rxf3 Rxc2 29. Na5 b6 30. Nc6 Rxc6 31. g4 Rc2+ 32. Kg3 Rxa2 33. Kf4 Ne4 34. Ke5 Ng5 35. Rb3 b5 36. Kxd5 Ne6 37. Kd6 Rd2+ 38. Ke7 Nd4 39. Ra3 a5 40. Ra1 Nc6+ 41. Ke8 Rd8# 0-1

[Event "CYCC U12"]
[Site "Richmond Hill CAN"]
[Date "2011.07.06"]
[Round "3"]
[White "Luo, Alan"]
[Black "McInnis, Preston"]
[Result "1-0"]
[WhiteElo "1285"]
[BlackElo "979"]
[PlyCount "63"]
[GameId "2160767909703918"]
[EventDate "2011.07.06"]
[EventType "swiss"]
[EventRounds "7"]
[EventCountry "CAN"]
[SourceTitle "EXT 2022"]
[Source "ChessBase"]
[SourceDate "2021.10.06"]
[SourceVersion "1"]
[SourceVersionDate "2021.10.06"]
[SourceQuality "1"]

1. e4 e5 2. Nf3 Nc6 3. Bc4 h6 4. O-O Nf6 5. Nc3 Bb4 6. a3 Ba5 7. d3 d6 8. h3 O-O 9. Nh2 Nd4 10. Be3 Be6 11. Bb3 Nxb3 12. cxb3 d5 13. Bc5 Re8 14. b4 b6 15. exd5 bxc5 16. dxe6 cxb4 17. exf7+ Kxf7 18. Qb3+ Kf8 19. axb4 Bb6 20. Rad1 e4 21. dxe4 Qc8 22. Rfe1 c5 23. e5 Nh5 24. Na4 Qc6 25. Nxb6 Qxb6 26. Qf3+ Kg8 27. Qxh5 Qxb4 28. Re2 Qb3 29. Red2 c4 30. Rd7 Qxb2 31. Qf7+ Kh8 32. Qxg7# 1-0

[Event "CYCC U12"]
[Site "Richmond Hill CAN"]
[Date "2011.07.06"]
[Round "3"]
[White "Yang, Ryan2"]
[Black "Robichaud, Alexandre"]
[Result "1/2-1/2"]
[WhiteElo "1866"]
[BlackElo "1241"]
[PlyCount "79"]
[GameId "2160767909703919"]
[EventDate "2011.07.06"]
[EventType "swiss"]
[EventRounds "7"]
[EventCountry "CAN"]

1. e4 c5 2. Nf3 e6 3. d4 cxd4 4. Nxd4 Nf6 5. Nc3 Nc6 6. Be3 Bb4 7. f3 O-O 8. a3 Bxc3+ 9. bxc3 d5 10. Nxc6 bxc6 11. Bc5 Re8 12. e5 Nd7 13. Bd6 f6 14. Qe2 fxe5 15. Bxe5 Nxe5 16. Qxe5 Qf6 17. Qxf6 gxf6 18. Kf2 Kg7 19. Rb1 Re7 20. Bd3 e5 21. Rhe1 f5 22. f4 e4 23. Bf1 Be6 24. Ba6 Bc8 25. Bxc8 Rxc8 26. Rb3 Rce8 27. Ke3 c5 28. Rd1 Rd7 29. Rb5 Rc8 30. a4 Kg6 31. a5 Kh5 32. a6 Rcc7 33. Rb7 d4+ 34. Ke2 Rxb7 35. axb7 Rxb7 36. cxd4 cxd4 37. Rxd4 Kg4 38. Ke3 Rc7 39. c4 Rb7 40. g3 1/2-1/2

[Event "CYCC U12"]
[Site "Richmond Hill CAN"]
[Date "2011.07.06"]
[Round "3"]
[White "Yilmaz, Burak"]
[Black "Rapin, Calvin"]
[Result "1-0"]
[WhiteElo "1032"]
[BlackElo "970"]
[PlyCount "87"]
[GameId "2160767909703920"]
[EventDate "2011.07.06"]
[EventType "swiss"]
[EventRounds "7"]
[EventCountry "CAN"]
[SourceTitle "EXT 2022"]
[Source "ChessBase"]
[SourceDate "2021.10.06"]
[SourceVersion "1"]
[SourceVersionDate "2021.10.06"]
[SourceQuality "1"]

1. d4 d5 2. c4 Nf6 3. Nc3 Be6 4. Nf3 g6 5. Bg5 Bg7 6. e3 O-O 7. cxd5 Bxd5 8. Nxd5 Qxd5 9. Bd3 Nc6 10. O-O Ne4 11. Bxe4 Qxe4 12. Re1 Nb4 13. Re2 e6 14. Be7 a5 15. Bxf8 Bxf8 16. a3 Nd5 17. Qc2 Qg4 18. h3 Qh5 19. Qd2 c6 20. e4 Bh6 21. g4 Bxd2 22. gxh5 Nf4 23. Rxd2 Nxh3+ 24. Kf1 Rd8 25. h6 g5 26. Kg2 Nf4+ 27. Kg3 Nh5+ 28. Kh2 Nf6 29. Nxg5 c5 30. Rg1 Kf8 31. Rgd1 Ng4+ 32. Kg2 c4 33. d5 e5 34. d6 Nxh6 35. Rc2 f6 36. Ne6+ Ke8 37. Nxd8 Kd7 38. Rxc4 Kxd8 39. d7 b5 40. Rc8+ Ke7 41. d8=Q+ Ke6 42. Rd7 Nf5 43. Rc6+ Nd6 44. Qe7# 1-0

[Event "CYCC U12"]
[Site "Richmond Hill CAN"]
[Date "2011.07.06"]
[Round "3"]
[White "Zhou, You"]
[Black "Luo, Tony"]
[Result "0-1"]
[WhiteElo "972"]
[BlackElo "1307"]
[PlyCount "64"]
[GameId "2160767909703921"]
[EventDate "2011.07.06"]
[EventType "swiss"]
[EventRounds "7"]
[EventCountry "CAN"]
[SourceTitle "EXT 2022"]
[Source "ChessBase"]
[SourceDate "2021.10.06"]
[SourceVersion "1"]
[SourceVersionDate "2021.10.06"]
[SourceQuality "1"]

1. e4 e5 2. Nf3 Nc6 3. Bc4 Bc5 4. O-O Nf6 5. d3 d6 6. h3 Be6 7. Bb3 Qe7 8. Nc3 O-O-O 9. a4 Rhg8 10. a5 a6 11. Be3 Nd4 12. Bxd4 exd4 13. Nb5 axb5 14. a6 bxa6 15. Rxa6 g5 16. Qa1 g4 17. Ra8+ Kd7 18. c4 gxf3 19. cxb5 Rxa8 20. b6 Rxa1 21. Rxa1 Bxb6 22. Ba4+ c6 23. Bd1 fxg2 24. Ra6 Bc5 25. b4 Rc8 26. bxc5 Bxh3 27. cxd6 Qxd6 28. Bb3 Qb4 29. Bxf7 Qe1+ 30. Kh2 g1=Q+ 31. Kxh3 Qg4+ 32. Kh2 Qeg1# 0-1

[Event "CYCC U12"]
[Site "Richmond Hill CAN"]
[Date "2011.07.07"]
[Round "4"]
[White "Cheung, Lukas"]
[Black "Sirkovich, Daniel"]
[Result "0-1"]
[WhiteElo "1074"]
[BlackElo "1206"]
[PlyCount "60"]
[GameId "2160767909703922"]
[EventDate "2011.07.06"]
[EventType "swiss"]
[EventRounds "7"]
[EventCountry "CAN"]
[SourceTitle "EXT 2022"]
[Source "ChessBase"]
[SourceDate "2021.10.06"]
[SourceVersion "1"]
[SourceVersionDate "2021.10.06"]
[SourceQuality "1"]

1. d4 Nf6 2. c4 c5 3. d5 e6 4. Nc3 d6 5. e4 Be7 6. Nf3 O-O 7. Bd3 b6 8. Be3 Bb7 9. h4 Nbd7 10. Nd2 Ne5 11. Be2 h6 12. g4 Nfxg4 13. Bxg4 Nd3+ 14. Ke2 Ne5 15. Ke1 Bxh4 16. dxe6 Qf6 17. exf7+ Rxf7 18. Rxh4 Qxh4 19. Be6 Raf8 20. Nb3 Bxe4 21. Qxd6 Nd3+ 22. Kd2 Rd8 23. Bxf7+ Kxf7 24. Qc7+ Kg8 25. Nxe4 Nxf2+ 26. Nd6 Rxd6+ 27. Ke2 Ne4 28. Rg1 Qh5+ 29. Kf1 Qf3+ 30. Ke1 Rd1# 0-1

[Event "CYCC U12"]
[Site "Richmond Hill CAN"]
[Date "2011.07.07"]
[Round "4"]
[White "Gariaev, Gleb"]
[Black "Plante, Norman"]
[Result "1-0"]
[WhiteElo "1133"]
[BlackElo "541"]
[PlyCount "41"]
[GameId "2160767909703923"]
[EventDate "2011.07.06"]
[EventType "swiss"]
[EventRounds "7"]
[EventCountry "CAN"]
[SourceTitle "EXT 2022"]
[Source "ChessBase"]
[SourceDate "2021.10.06"]
[SourceVersion "1"]
[SourceVersionDate "2021.10.06"]
[SourceQuality "1"]

1. e4 e5 2. Nf3 d5 3. exd5 e4 4. Qe2 b6 5. Qxe4+ Be7 6. Bb5+ Bd7 7. Bxd7+ Nxd7 8. O-O Ngf6 9. Qd4 Bc5 10. Re1+ Kf8 11. Qc4 b5 12. Qxb5 Rb8 13. Qc4 Rb4 14. Qd3 c6 15. dxc6 h5 16. cxd7 Nxd7 17. Ne5 Bd4 18. Nc6 Qh4 19. Nxd4 Rxd4 20. Qe2 f5 21. Qe8# 1-0

[Event "CYCC U12"]
[Site "Richmond Hill CAN"]
[Date "2011.07.07"]
[Round "4"]
[White "McInnis, Preston"]
[Black "Whitecrow, Brandon"]
[Result "1-0"]
[WhiteElo "979"]
[BlackElo "852"]
[PlyCount "55"]
[GameId "2160767909703924"]
[EventDate "2011.07.06"]
[EventType "swiss"]
[EventRounds "7"]
[EventCountry "CAN"]
[SourceTitle "EXT 2022"]
[Source "ChessBase"]
[SourceDate "2021.10.06"]
[SourceVersion "1"]
[SourceVersionDate "2021.10.06"]
[SourceQuality "1"]

1. e4 d5 2. Nc3 Nf6 3. e5 d4 4. exf6 dxc3 5. fxe7 Qxe7+ 6. Be2 cxb2 7. Bxb2 Nc6 8. Nf3 Qb4 9. Be5 f6 10. Bxc7 Qg4 11. O-O Kd7 12. Ne5+ fxe5 13. Bxg4+ Kxc7 14. Bxc8 Rxc8 15. c3 Bd6 16. d4 Ba3 17. dxe5 Nxe5 18. c4 Rcd8 19. Qa4 Bb2 20. Rab1 Bc3 21. Qxa7 Ra8 22. Qxb7+ Kd6 23. Qd5+ Kc7 24. Rb7+ Kc8 25. Rc1 Rd8 26. Qc5+ Kxb7 27. Rb1+ Ka6 28. Qb6# 1-0

[Event "CYCC U12"]
[Site "Richmond Hill CAN"]
[Date "2011.07.07"]
[Round "4"]
[White "Rapin, Calvin"]
[Black "Zhou, You"]
[Result "0-1"]
[WhiteElo "970"]
[BlackElo "972"]
[PlyCount "82"]
[GameId "2160767909703925"]
[EventDate "2011.07.06"]
[EventType "swiss"]
[EventRounds "7"]
[EventCountry "CAN"]
[SourceTitle "EXT 2022"]
[Source "ChessBase"]
[SourceDate "2021.10.06"]
[SourceVersion "1"]
[SourceVersionDate "2021.10.06"]
[SourceQuality "1"]

1. e4 e5 2. Nf3 Nc6 3. g3 Nf6 4. Nc3 Bc5 5. Bg2 O-O 6. O-O d6 7. d3 h6 8. Na4 Be6 9. Qe1 Qd7 10. Be3 Bxe3 11. Qxe3 Bh3 12. d4 exd4 13. Nxd4 Nxd4 14. Qxd4 Rfe8 15. c3 Qg4 16. Rae1 Bxg2 17. Kxg2 Rxe4 18. Qd1 b5 19. Qxg4 Rxg4 20. Re7 Rc8 21. Nb6 axb6 22. h3 Re4 23. Re1 Rxe1 24. Rxe1 Ra8 25. a3 Nd7 26. f4 Nc5 27. Rb1 Na4 28. Re1 Nxb2 29. f5 Kf8 30. g4 Rxa3 31. Re2 Na4 32. g5 Nxc3 33. Re1 b4 34. gxh6 gxh6 35. Kg3 b3 36. Kg4 b2 37. Kh5 Kg7 38. Rg1+ Kh7 39. Re1 b1=Q 40. Re7 Qxf5+ 41. Kh4 Qg5# 0-1

[Event "CYCC U12"]
[Site "Richmond Hill CAN"]
[Date "2011.07.07"]
[Round "4"]
[White "Wang, Edward"]
[Black "Luo, Alan"]
[Result "0-1"]
[WhiteElo "991"]
[BlackElo "1285"]
[PlyCount "76"]
[GameId "2160767909703926"]
[EventDate "2011.07.06"]
[EventType "swiss"]
[EventRounds "7"]
[EventCountry "CAN"]
[SourceTitle "EXT 2022"]
[Source "ChessBase"]
[SourceDate "2021.10.06"]
[SourceVersion "1"]
[SourceVersionDate "2021.10.06"]
[SourceQuality "1"]

1. e4 e5 2. Nf3 Nc6 3. Bc4 Nf6 4. Ng5 d5 5. exd5 Na5 6. Bb5+ c6 7. dxc6 bxc6 8. Be2 h6 9. Nf3 e4 10. Ne5 Qd4 11. f4 Bc5 12. Rf1 Qd6 13. Nc3 Nd5 14. d4 Bb6 15. Nxe4 Qe7 16. Bh5 O-O 17. c4 Nxc4 18. b3 Nd6 19. Nxd6 Qxd6 20. Bf3 Re8 21. Bh5 Re7 22. a4 f6 23. Ba3 Ba5+ 24. Kf2 Bb4 25. Bxb4 Nxb4 26. Nc4 Qxf4+ 27. Kg1 Qg5 28. g3 Nc2 29. Rc1 Nxd4 30. Qxd4 Qxh5 31. Qd8+ Re8 32. Qd1 Bg4 33. Qd6 Re6 34. Qd4 Rae8 35. h3 Qxh3 36. Rf2 Re1+ 37. Rf1 Qxf1+ 38. Kh2 Qh1# 0-1

[Event "CYCC U12"]
[Site "Richmond Hill CAN"]
[Date "2011.07.07"]
[Round "4"]
[White "Xi, Jason"]
[Black "Li, Yinshi"]
[Result "1/2-1/2"]
[WhiteElo "1342"]
[BlackElo "1594"]
[PlyCount "66"]
[GameId "2160767909703927"]
[EventDate "2011.07.06"]
[EventType "swiss"]
[EventRounds "7"]
[EventCountry "CAN"]
[SourceTitle "EXT 2022"]
[Source "ChessBase"]
[SourceDate "2021.10.06"]
[SourceVersion "1"]
[SourceVersionDate "2021.10.06"]
[SourceQuality "1"]

1. d4 d5 2. c4 c6 3. Nc3 Nf6 4. e3 Bf5 5. Nf3 e6 6. c5 Be7 7. Be2 Nbd7 8. Bd2 O-O 9. h3 Qc7 10. Nh4 Bg6 11. O-O e5 12. Nxg6 hxg6 13. Qc2 Rfe8 14. Rfe1 Nf8 15. Bf1 Ne6 16. Qa4 exd4 17. exd4 b6 18. Be3 bxc5 19. dxc5 Bxc5 20. Qc2 d4 21. Na4 dxe3 22. Nxc5 Nxc5 23. Qxc5 exf2+ 24. Qxf2 Rab8 25. Bc4 Ne4 26. Qe3 Rxb2 27. Qd4 Qb6 28. Qxb6 axb6 29. Rad1 Rb4 30. Rd4 c5 31. Rdxe4 Rxe4 32. Rxe4 Kf8 33. Rg4 f5 1/2-1/2

[Event "CYCC U12"]
[Site "Richmond Hill CAN"]
[Date "2011.07.08"]
[Round "5"]
[White "Espana, Mateo"]
[Black "Rapin, Calvin"]
[Result "1-0"]
[WhiteElo "333"]
[BlackElo "970"]
[PlyCount "51"]
[GameId "2160767909703928"]
[EventDate "2011.07.06"]
[EventType "swiss"]
[EventRounds "7"]
[EventCountry "CAN"]
[SourceTitle "EXT 2022"]
[Source "ChessBase"]
[SourceDate "2021.10.06"]
[SourceVersion "1"]
[SourceVersionDate "2021.10.06"]
[SourceQuality "1"]

1. e4 Nf6 2. Nc3 e5 3. Nf3 Bd6 4. d4 Nc6 5. Bc4 Bb4 6. dxe5 Nxe4 7. Be3 Nxc3 8. bxc3 Bxc3+ 9. Bd2 Bxa1 10. Qxa1 Qe7 11. O-O d6 12. Bg5 Qf8 13. Re1 h6 14. Bh4 d5 15. Bxd5 Nb4 16. Bb3 Be6 17. Nd4 Bxb3 18. axb3 f6 19. Ne6 Qe7 20. exf6 gxf6 21. Qxf6 Rh7 22. Kf1 Nxc2 23. Nxc7+ Kd8 24. Qxe7+ Rxe7 25. Rxe7 Rc8 26. Ne6# 1-0

[Event "CYCC U12"]
[Site "Richmond Hill CAN"]
[Date "2011.07.08"]
[Round "5"]
[White "Luo, Tony"]
[Black "Gariaev, Gleb"]
[Result "1-0"]
[WhiteElo "1307"]
[BlackElo "1133"]
[PlyCount "91"]
[GameId "2160767909703929"]
[EventDate "2011.07.06"]
[EventType "swiss"]
[EventRounds "7"]
[EventCountry "CAN"]
[SourceTitle "EXT 2022"]
[Source "ChessBase"]
[SourceDate "2021.10.06"]
[SourceVersion "1"]
[SourceVersionDate "2021.10.06"]
[SourceQuality "1"]

1. e4 e5 2. Nf3 Nc6 3. Bc4 Bc5 4. Nc3 Nf6 5. d3 O-O 6. Bg5 d6 7. Nd5 Bg4 8. h3 Bxf3 9. gxf3 Nd4 10. Nxf6+ gxf6 11. Bd2 Ne6 12. Rg1+ Ng5 13. h4 Kh8 14. hxg5 Rg8 15. Bxf7 fxg5 16. Bxg8 Qxg8 17. Bxg5 Qg7 18. Qd2 Rg8 19. O-O-O Qf7 20. Bh4 Rg6 21. Rxg6 hxg6 22. Qh6+ Kg8 23. Rg1 Qf4+ 24. Qxf4 exf4 25. Rxg6+ Kf7 26. Rf6+ Kg7 27. Rxf4 Bd4 28. c3 Be5 29. Rg4+ Kf7 30. Bd8 c6 31. f4 Bg7 32. Bc7 d5 33. Be5 Bxe5 34. fxe5 dxe4 35. Rxe4 Ke6 36. f4 Ke7 37. f5 Ke8 38. e6 Kf8 39. f6 Ke8 40. e7 a6 41. f7+ Kxf7 42. e8=Q+ Kf6 43. Qf8+ Kg5 44. Re7 Kh5 45. Rg7 Kh6 46. Qh8# 1-0

[Event "CYCC U12"]
[Site "Richmond Hill CAN"]
[Date "2011.07.08"]
[Round "5"]
[White "Plante, Norman"]
[Black "Wang, Edward"]
[Result "0-1"]
[WhiteElo "541"]
[BlackElo "991"]
[PlyCount "64"]
[GameId "2160767909703930"]
[EventDate "2011.07.06"]
[EventType "swiss"]
[EventRounds "7"]
[EventCountry "CAN"]
[SourceTitle "EXT 2022"]
[Source "ChessBase"]
[SourceDate "2021.10.06"]
[SourceVersion "1"]
[SourceVersionDate "2021.10.06"]
[SourceQuality "1"]

1. e4 e5 2. d4 Nc6 3. g3 exd4 4. h4 Nf6 5. Bg5 h6 6. Bf4 d5 7. e5 Ne4 8. Rh3 Bxh3 9. Nxh3 Bb4+ 10. c3 dxc3 11. bxc3 Nxc3 12. Nxc3 Bxc3+ 13. Ke2 Bxa1 14. Qxa1 Qe7 15. Qb1 O-O-O 16. Kf3 Kb8 17. Ba6 Qa3+ 18. Be3 Qxa6 19. e6 fxe6 20. Bf4 Rdf8 21. Ng1 e5 22. Ne2 exf4 23. gxf4 Ne5+ 24. Kg3 Qd3+ 25. Kg2 Qxb1 26. Nd4 Qe4+ 27. f3 Qxd4 28. fxe5 Qe3 29. Kf1 Rxf3+ 30. Kg2 Qf2+ 31. Kh1 Rg3 32. e6 Qg1# 0-1

[Event "CYCC U12"]
[Site "Richmond Hill CAN"]
[Date "2011.07.08"]
[Round "5"]
[White "Sirkovich, Daniel"]
[Black "Zhang, Jeff"]
[Result "0-1"]
[WhiteElo "1206"]
[BlackElo "1378"]
[PlyCount "70"]
[GameId "2160767909703931"]
[EventDate "2011.07.06"]
[EventType "swiss"]
[EventRounds "7"]
[EventCountry "CAN"]
[SourceTitle "EXT 2022"]
[Source "ChessBase"]
[SourceDate "2021.10.06"]
[SourceVersion "1"]
[SourceVersionDate "2021.10.06"]
[SourceQuality "1"]

1. e4 c5 2. Nf3 Nc6 3. d4 cxd4 4. Nxd4 g6 5. Nc3 Bg7 6. Be3 Nf6 7. f3 d5 8. Nxc6 bxc6 9. exd5 cxd5 10. Qd2 O-O 11. Rd1 Be6 12. g4 Qc7 13. Rg1 Rfd8 14. h4 Qe5 15. h5 d4 16. Qxd4 Rxd4 17. Rxd4 Qxe3+ 18. Ne2 Nd5 19. Rd3 Qb6 20. Rb3 Qc5 21. hxg6 hxg6 22. Rh1 Ne3 23. Rxe3 Qxe3 24. Rh2 Rc8 25. c3 Rb8 26. Bh3 Rxb2 27. Kf1 Rb1+ 28. Kg2 Qxe2+ 29. Kg3 Rg1+ 30. Rg2 Rxg2+ 31. Bxg2 Be5+ 32. f4 Qe3+ 33. Kh2 Bxf4+ 34. Kh1 Qe1+ 35. Bf1 Qxf1# 0-1

[Event "CYCC U12"]
[Site "Richmond Hill CAN"]
[Date "2011.07.08"]
[Round "5"]
[White "Sugden, Ricky"]
[Black "Robichaud, Alexandre"]
[Result "1/2-1/2"]
[WhiteElo "1115"]
[BlackElo "1241"]
[PlyCount "82"]
[GameId "2160767909703932"]
[EventDate "2011.07.06"]
[EventType "swiss"]
[EventRounds "7"]
[EventCountry "CAN"]
[SourceTitle "EXT 2022"]
[Source "ChessBase"]
[SourceDate "2021.10.06"]
[SourceVersion "1"]
[SourceVersionDate "2021.10.06"]
[SourceQuality "1"]

1. e4 c5 2. Nf3 e6 3. d4 cxd4 4. Nxd4 Nf6 5. Nc3 Nc6 6. Be3 Bb4 7. Bd3 d5 8. f3 dxe4 9. Nxc6 bxc6 10. fxe4 O-O 11. O-O Qc7 12. Bg5 Nd7 13. Qg4 Ne5 14. Qg3 Bd6 15. Bf4 f6 16. Kh1 Rd8 17. h4 Nxd3 18. cxd3 Bxf4 19. Qxf4 Qxf4 20. Rxf4 Rxd3 21. e5 f5 22. Na4 Rd5 23. Rc1 Bd7 24. Nc5 Rc8 25. b4 Kf7 26. Nb7 Ke7 27. Nd6 Rb8 28. Re1 a5 29. a3 axb4 30. axb4 Rd3 31. Kh2 Rb3 32. g4 R3xb4 33. Ref1 Rxf4 34. Rxf4 g6 35. h5 g5 36. Rf2 f4 37. Ra2 Rf8 38. Ne4 h6 39. Kg2 Rb8 40. Nc5 Rc8 41. Rd2 Rd8 1/2-1/2